An investigation into English non-majored students’ writing strategies in Tay Do University Luận văn Thạc sĩ nghành Lí luận và Phương pháp giảng dạy tiếng Anh

The current study investigates whether English non-majored students apply the writing strategies in their writing process and the extent to which the students use these writing strategies. It also examines the relationship between the students’ writing strategies and their writing performance

Bewaard in:
Bibliografische gegevens
Hoofdauteur: Huỳnh, Thị Ngọc Kiều
Formaat: Boek
Taal:Undetermined
Gepubliceerd in: Cần Thơ Đại học Cần Thơ 2011
Onderwerpen:
Tags: Voeg label toe
Geen labels, Wees de eerste die dit record labelt!
Thư viện lưu trữ: Trung tâm Học liệu Trường Đại học Cần Thơ
LEADER 01176nam a2200229Ia 4500
001 CTU_171365
008 210402s9999 xx 000 0 und d
082 |a 428.11 
082 |b K309 
088 |a 60140111 
100 |a Huỳnh, Thị Ngọc Kiều 
245 3 |a An investigation into English non-majored students’ writing strategies in Tay Do University 
245 0 |b Luận văn Thạc sĩ nghành Lí luận và Phương pháp giảng dạy tiếng Anh 
245 0 |c Huỳnh Thị Ngọc Kiều ; Nguyễn Thu Hương (Cán bộ hướng dẫn) 
260 |a Cần Thơ 
260 |b Đại học Cần Thơ 
260 |c 2011 
520 |a The current study investigates whether English non-majored students apply the writing strategies in their writing process and the extent to which the students use these writing strategies. It also examines the relationship between the students’ writing strategies and their writing performance 
650 |a American Language,Kỹ năng học,Study Skills 
650 |x Writing 
904 |i Ngọc Anh, Trọng Hiếu 
980 |a Trung tâm Học liệu Trường Đại học Cần Thơ